000 01224nac a22003251i 4500
003 EG-ScBUE
005 20221219102807.0
008 221219t2004 enkae f b 001 0 eng d
020 _a0750655526 (pbk.)
035 _a(OCoLC)ocm54415856
040 _aEG-ScBUE
_beng
_erda
_cEG-ScBUE
_dEG-ScBUE
082 0 4 _a729.28
_bBEA
_222
100 1 _aBean, A. R.‏
_q(Arthur Robert)
_eauthor.
245 1 0 _aLighting :
_binterior and exterior /
_cRobert Bean.
250 _aRestricted special price edition.
264 1 _aOxford ;
_aBurlington, MA :
_bElsevier/Architectural Press,
_c[2004]
264 4 _cc2004
300 _avi, 312 pages :
_billustrations, plans ;
_c24 cm
336 _2rdacontent
_atext
_btxt
337 _2rdamedia
_aunmediated
_bn
338 _2rdacarrier
_avolume
_bnc
504 _aIncludes bibliographical references and index.
650 7 _aLighting.
_2BUEsh
650 7 _aLighting, Architectural and decorative.
_2BUEsh
653 _bENGARC
655 _vReading book
856 4 2 _3Publisher description
_uhttp://www.loc.gov/catdir/enhancements/fy0668/2004043702-d.html
856 4 2 _3Table of contents only
_uhttp://www.loc.gov/catdir/enhancements/fy0705/2004043702-t.html
942 _cBB
_2ddc
999 _c8074
_d8074